000 00432nam a2200181Ia 4500
001 16418
005 20260306170308.0
008 260306t2020||||xx |||||||||||||| ||und||
041 _aESP
082 _a348.6
_bB45
100 _aBernuy Álvarez, Óscar Harold
_eAUT
245 0 _aManual práctico laboral
260 _c2020
300 _a526 páginas :
_c25 cm.
650 _aGEN
654 _aCDE
942 _cLIB
_dJUS
_fJUS
_2ddc
_n
999 _c16418
_d16418